000
00207 a2200097 4500
001
42103
100
_a
245
_a
The Year Book of World Affairs
260
_a
_b
Stevens & Sons
_c
090
_c
26107
_d
26107
942
_a
NUST-CAE
_c
M
_c
17900
999
_c
277176
_d
277176